| 000 | 01401nam0a2200349 4500 | ||
|---|---|---|---|
| 001 | RU\NLR\BIBL_A\012658191 | ||
| 005 | 20220214100413.0 | ||
| 010 |
_a978-5-4335-0934-4 _93000 |
||
| 021 |
_aRU _bКН-П-21-051341 _9КН-П-21-4035 |
||
| 035 | _a(NLR Aleph) 012658191 | ||
| 090 |
_a12747130 _c12747130 |
||
| 100 | _a20211203d2021 b y0rusy50 ca | ||
| 101 | 1 |
_arus _ceng |
|
| 102 | _aRU | ||
| 105 | _aa|||z|||000ay | ||
| 181 | 0 |
_ai2 _bab2e |
|
| 181 | 0 |
_ab2 _bab2e |
|
| 182 | 0 | _an | |
| 200 | 1 |
_aИмельда и король гоблинов _e[сказка _eдля детей дошкольного возраста] _fБрайони Мэй Смит _gперевод с английского Дарьи Налепиной _gиллюстрации Брайони Мэй Смит |
|
| 203 |
_aТекст _aИзображение _bвизуальные _cнепосредственные |
||
| 210 |
_aМосква _cНигма _d2021 |
||
| 215 |
_a[25] с. _cцв. ил. _d27 |
||
| 333 | _a0+ | ||
| 686 | 0 | _aШ9(4Вл)60-4 | |
| 700 | 1 |
_7ca _8rus _aСмит _bБ. М. _gБрайони Мэй _9232872 _3RU\NLR\AUTH\770232928 |
|
| 702 | 1 |
_4040 _7ca _8rus _aСмит _bБ. М. _gБрайони Мэй _9232872 _3RU\NLR\AUTH\770232928 |
|
| 942 | _cBOOK | ||
| 980 | _aNB | ||